000 00299nam a22001217a 4500
008 170612b xxu||||| |||| 00| 0 eng d
041 _aeng
080 _a32
100 _a19
101 _aSHP
245 _aTHE AGE OF IDEOLOGY-POLITICAL THOUGHT, 1750 TO THE PRESENT
_cWATKINS, F.M
942 _2udc
_cBK
999 _c16880
_d16880